Подготовка специалистов в учебном комплексе "колледж-вуз"; Технический университет: реформы в обществе и открытое образовательное пространство; Т. 2

Detalhes bibliográficos
Parent link:Технический университет: реформы в обществе и открытое образовательное пространство: труды Международной научно-практической конференции, 14-17 мая 1996 г., Томск/ Томский политехнический университет.— , 1996
Т. 2.— 1996.— С. 87
Outros Autores: Буйновский А. С. Александр Сергеевич, Жиганов А. Н., Кербель Б. М., Лобас О. П., Пищулин В. П.
Idioma:russo
Publicado em: 1996
Assuntos:
Formato: MixedMaterials Capítulo de Livro
KOHA link:https://koha.lib.tpu.ru/cgi-bin/koha/opac-detail.pl?biblionumber=263150

MARC

LEADER 00000naa2a2200000 4500
001 263150
005 20231031222313.0
035 |a (RuTPU)RU\TPU\book\286135 
035 |a RU\TPU\book\286124 
090 |a 263150 
100 |a 20140605d1996 k y0rusy50 ca 
101 0 |a rus 
102 |a RU 
200 1 |a Подготовка специалистов в учебном комплексе "колледж-вуз"  |f А. С. Буйновский, А. Н. Жиганов, Б. М. Кербель [и др.] 
461 1 |0 (RuTPU)RU\TPU\book\127170  |t Технический университет: реформы в обществе и открытое образовательное пространство  |o труды Международной научно-практической конференции, 14-17 мая 1996 г., Томск  |o в 2 т.  |f Томский политехнический университет  |d 1996 
463 1 |0 (RuTPU)RU\TPU\book\13019  |t Т. 2  |v С. 87  |d 1996  |p 158 с. 
610 1 |a труды учёных ТПУ 
701 1 |a Буйновский  |b А. С.  |c российский химик  |c профессор Томского политехнического университета  |f 1940-  |g Александр Сергеевич  |2 stltpush  |3 (RuTPU)RU\TPU\pers\21950 
701 1 |a Жиганов  |b А. Н. 
701 1 |a Кербель  |b Б. М. 
701 1 |a Лобас  |b О. П. 
701 1 |a Пищулин  |b В. П. 
801 1 |a RU  |b 63413507  |c 20120802 
801 2 |a RU  |b 63413507  |c 20230201  |g RCR 
942 |c BK